Chicago performs : a guide to theatre and dance /

Bibliographic Details
Corporate Author: Chicago Alliance for the Performing Arts
Other Authors: Schnede, Brenda
Format: Book
Language:English
Published: Chicago : Chicago Alliance for the Performing Arts : [1977]
Subjects:

MARC

Tag First Indicator Second Indicator Subfields
LEADER 00000cam a2200000 a 4500
001 in00000072063
005 20151008062530.0
008 780315s1977 ilua 00000 eng d
010 |a  77087358  
020 |c $4.95 (pbk. :) 
035 |a (OCoLC)03720827 
035 |9 AAK0422AM 
040 |a IBB  |c IBB  |d m.c.  |d TXA  |d UtOrBLW 
043 |a n-us-il 
049 |a TXAM  |c [1387004] 
090 |a NX110.C5  |b C45 
245 0 0 |a Chicago performs :  |b a guide to theatre and dance /  |c [editor, Brenda Schnede]. 
264 1 |a Chicago :  |b Chicago Alliance for the Performing Arts :  |c [1977] 
264 2 |a Chicago :  |b Distributed by Swallow Press, 
264 4 |c ©1977 
300 |a 93 pages :  |b illustrations ;  |c 18 x 21 cm. 
336 |a text  |b txt  |2 rdacontent 
337 |a unmediated  |b n  |2 rdamedia 
338 |a volume  |b nc  |2 rdacarrier 
650 0 |a Performing arts  |z Illinois  |z Chicago Metropolitan Area  |x Directories. 
651 0 |a Chicago Metropolitan Area (Ill.)  |x Performing arts. 
700 1 |a Schnede, Brenda. 
710 2 |a Chicago Alliance for the Performing Arts. 
999 |a MARS 
999 f f |s ed7cd7b4-05f7-3ef1-9dc4-e531f0a969d3  |i f7b048c7-39f9-33b9-af46-7f8a784aa07d  |t 0 
952 f f |p ric  |a Texas A&M University  |b Rellis Campus  |c Joint Library Facility  |d Remote Storage  |t 0  |e NX110.C5 C45  |h Library of Congress classification  |i unmediated -- volume  |m A14806171319 
998 f f |a NX110.C5 C45  |t 0  |l Remote Storage